000 00358nam a2200133Ia 4500
008 160319s9999 xx 000 0 und d
245 _aFirst Prayers:
245 _bTraditional Music for Meditation /
260 _bJesuit Communications Foundation
260 _c2000
300 _a1 video disc (71 mins.) :
300 _bdigital :
300 _c4 3/4 in.
999 _c292764
_d292764